000 00305nam a2200109Ia 4500
005 20251222144901.0
008 251222s9999||||xx |||||||||||||| ||spa||
082 _a378.155.346/U61
245 0 _aTítulos Propios de Postgrado y Especialización: 2000-2001
264 _bUniversidad de Alicante
942 _cLIB
999 _c21991
_d21991